Effect of different midai (pda,ma,pdase, pdarbs to the growth of oyster mushroom ឥទ្ធិពលនៃមជ្ឈដ្ឋានខុសគ្នា (ប៉េដេអា, អឹមអា,ប៉េដេអាអេសអឺ, ប៉េដេអាអ៊ែបេអេស)​ លើការលូតលសាស់របស់ផ្សិតអំបោះ (Record no. 977)

000 -LEADER
fixed length control field 00725nam a22001577a 4500
003 - CONTROL NUMBER IDENTIFIER
control field OSt
005 - DATE AND TIME OF LATEST TRANSACTION
control field 20150921151434.0
008 - FIXED-LENGTH DATA ELEMENTS--GENERAL INFORMATION
fixed length control field 150921b xxu||||| |||| 00| 0 eng d
040 ## - CATALOGING SOURCE
Transcribing agency RUA
082 ## - DEWEY DECIMAL CLASSIFICATION NUMBER
Classification number AGR CHH 2006 B034 Or.1
100 ## - MAIN ENTRY--PERSONAL NAME
9 (RLIN) 1019
Personal name CHHUM, VISETH.
245 ## - TITLE STATEMENT
Title Effect of different midai (pda,ma,pdase, pdarbs to the growth of oyster mushroom ឥទ្ធិពលនៃមជ្ឈដ្ឋានខុសគ្នា (ប៉េដេអា, អឹមអា,ប៉េដេអាអេសអឺ, ប៉េដេអាអ៊ែបេអេស)​ លើការលូតលសាស់របស់ផ្សិតអំបោះ
260 ## - PUBLICATION, DISTRIBUTION, ETC. (IMPRINT)
Place of publication, distribution, etc. Phnom Penh
Name of publisher, distributor, etc. RUA
Date of publication, distribution, etc. 2006
300 ## - PHYSICAL DESCRIPTION
Extent 42p.
Other physical details ill.
Dimensions 29cm.
942 ## - ADDED ENTRY ELEMENTS (KOHA)
Source of classification or shelving scheme
Koha item type AGR
Holdings
Price effective from Date last seen Permanent Location Not for loan Date acquired Date last checked out Source of classification or shelving scheme Koha item type Total Checkouts Barcode Lost status Damaged status Withdrawn status Current Location Full call number
2015-09-212023-06-16Library Block B 2015-09-212023-05-05 AGR4RUA002905   Library Block BAGR CHH 2006 B034 Or.1
2015-09-212019-08-07Library Block B 2015-09-212019-07-23 AGR1RUA002972   Library Block BAGR CHH 2006 B034 Or.2
មជ្ឈមណ្ឌលឯការនៃសាកលវិទ្យាល័យភូមិន្ទកសិកម្មចំការដូង

Powered by Koha